=LDR 00000nam 2200000 4500 =001 INLIS000000000053523 =005 20200916010320 =035 ##$$a 0010-1018000138 =245 1#$$a Mengurai Benang Kusut BLBI /$c Mengurai Benang Kusut BLBI =100 #$$a Bank Indonesia =250 ##$$a Ed. 2 =300 ##$$a 234 hlm. : $b Ilus. ; $c 15x21 cm =260 ##$$a Jakarta :$b Bank Indonesia,$c 2003 =082 ##$$a 332.1 =084 ##$$a 332.1 BAN m =020 ##$$a 979-8086-25-2 =650 #4$$a Bank, Perbankan =008 200916###########################0###### =990 ##$$a 02201808143